000 00346nam a22001457a 4500
999 _c528876
_d528876
003 NUST
038 _awaseem
082 _a891.439
_bSAL
100 _aSaleem, Nighat
_915818
245 _aAdbiyat /
_cNighat Saleem
260 _aIslamabad :
_bAcademy Adbiyat,
_c2013.
300 _a320 p. ;
880 _6245-02\r
_aادبیات
942 _2ddc
_cBK